000 nam a22 a 4500
999 _c424753
_d424753
003 BLK
005 20210722122947.0
008 180413b bul|||||||||||||| ||bul||
040 _aBLK
041 _aDEU
_cDEU
080 _aНемска литература
_b821.112.2
_x-3
_z821.112.2-3
100 _aStrauss, Emil
_eпърви автор
_9458945
139 _aStrauss, Emil
245 1 0 _aDer Schleier
_bGeschichten
_cEmil Strauss
257 _aDEU
260 _bAlbert Langen
_cб. г.
_aBerlin
_9459086
300 _a304 p.
_c19,5 см
380 _aX
852 _aЦб 8.195.18267
_bЦб
942 _cKNG
_n0
_s1
944 _aCR
_c2021-07-22
_kРенета Константинова